MARC

LEADER 00000nam0a2200000 4500
001 20595
005 20231101205351.0
010 |a 503002803X 
035 |a (RuTPU)RU\TPU\book\20781 
035 |a BOOK00005470 
090 |a 20595 
100 |a 20011209d1993 m y0rusy50 ca 
101 1 |a rus  |c fre 
102 |a RU 
105 |a a z 000zy 
200 1 |a Улучшаем память - в любом возрасте  |e пер. с фр.  |f Д. Лапп 
210 |a Москва  |c Мир  |d 1993 
215 |a 240 с. 
606 1 |a Память  |x Психология  |x Тренировка  |x Психофизические основы  |x Расстройства  |x Развитие  |2 stltpush  |3 (RuTPU)RU\TPU\subj\48049  |9 66928 
610 1 |a психологические свойства 
610 1 |a мнемические способности 
610 1 |a запоминание 
686 |a Ю935.12  |v LBC/SL-A  |2 rubbk 
700 1 |a Лапп  |b Д.  |g Даниэль 
801 0 |a RU  |b 63413507  |c 20011209  |g PSBO 
801 2 |a RU  |b 63413507  |c 20220404  |g PSBO 
942 |c BK